Perspectivas de crecimiento de la población chilena 1970 - 1985
Saved in:
| Corporate Author: | |
|---|---|
| Format: | Book |
| Language: | Spanish |
| Published: |
Santiago
División de Planificación Industrial
1970
|
| Series: | Publicación, 10 A - 70
|
| Subjects: | |
| Tags: |
Add Tag
No Tags, Be the first to tag this record!
|
MARC
| LEADER | 00000nam a2200000 a 4500 | ||
|---|---|---|---|
| 001 | UCU2491 | ||
| 003 | CL-VaPUC | ||
| 008 | 960426e19700000CL |||||||||||||||||spa|d | ||
| 082 | 0 | 4 | |a 304.602 |b COR |2 21 |
| 110 | 2 | |a CORFO |e author |9 358687 | |
| 245 | 1 | 0 | |a Perspectivas de crecimiento de la población chilena 1970 - 1985 |
| 300 | |a 55 p | ||
| 942 | |c BK | ||
| 945 | |d 19960426 00:00:00 |a cmena | ||
| 260 | |a Santiago |b División de Planificación Industrial |c 1970 | ||
| 650 | 7 | |a DINAMICA POBLACIONAL |2 CL-VaPUC |9 357685 | |
| 650 | 7 | |a TAMAÑO DE LA POBLACION |2 CL-VaPUC |9 358688 | |
| 650 | 0 | |a Datos estadísticos |9 329380 | |
| 650 | 7 | |a GRUPOS DE EDAD |2 CL-VaPUC |9 335033 | |
| 650 | 7 | |a DISTRIBUCION POR SEXOS |2 CL-VaPUC |9 338782 | |
| 650 | 7 | |a DENSIDAD DE POBLACION |2 CL-VaPUC |9 358689 | |
| 650 | 7 | |a DEMOGRAFIA GEOGRAFICA |2 CL-VaPUC |9 317247 | |
| 651 | 7 | |a CHILE |2 CL-VaPUC |9 358690 | |
| 583 | |a last modification |c 19960426 00:00:00 |k Rodrigo Vera | ||
| 490 | 0 | |a Publicación, 10 A - 70 | |
| 999 | |c 246771 |d 246769 | ||